Movies Quiz

Random Movies Quiz

Movies by Least Important Characters II Quiz Stats

 Plays Quiz not verified by Sporcle

Challenge
Share
Tweet
Embed
Score 0/10 Timer 05:00
0 Plays Today
Bottom Tier Characters Name of the Movie % Correct
Miss California, Funeral Home Worker, Pageant MC, Judge, Pageant Contestent #1-14, Little Miss Sunshine
63.6%
The Ancient Booer, The Albino, The Queen, The King, The Assistant BruteThe Princess Bride
55.6%
Funeral Director, Pancake Waitress, Saddam Hussein, Nihilist Woman, Jackie TreehornThe Big Lebowski
49.8%
Infected Kid, Private Bell, Major Henry West, Private Davis, Featured Infected #1-1328 Days Later
48.9%
TV Journalist, Daytona Dave, Camera Thief, Dead N.V.A,, Paris Island Recruit and Vietnam PlatoonFull Metal Jacket
45.8%
Security Guard w/Lobsters, Drug Buyer, Ruth Hill, Stacks' Girlfriend, Joe Buddha's WifeGoodfellas
42.2%
Musician at Wedding,Dr. Winston, Historian's Wife, Prisoner, Girl in Castle AnthraxMonty Python and the Holy Grail
40.4%
Joshua, Newscaster, Sgt. Sims, Major Ford, NORAD OfficerWar Games
29.8%
Black Bart, Wicked Witch, Chop Suey Palace Owner, Waiter #1-3, Boy in SchoolA Christmas Story
24.9%
Spanish, Abdul, Gonzo, Patch, JarviOld School
23.1%

You're not logged in!

Compare scores with friends on all Sporcle quizzes.
Join for Free
OR
Log In

You Might Also Like...

Show Comments

Extras

Top Quizzes Today


Score Distribution

Your Account Isn't Verified!

In order to create a playlist on Sporcle, you need to verify the email address you used during registration. Go to your Sporcle Settings to finish the process.

Report this User

Report this user for behavior that violates our Community Guidelines.

Details: